The Sacred books of the Hindus (Record no. 136513)
[ view plain ]
| 000 -LEADER | |
|---|---|
| fixed length control field | 00458nam a2200181Ia 4500 |
| 003 - CONTROL NUMBER IDENTIFIER | |
| control field | LK-CoDNM |
| 005 - DATE AND TIME OF LATEST TRANSACTION | |
| control field | 20240801100207.0 |
| 008 - FIXED-LENGTH DATA ELEMENTS--GENERAL INFORMATION | |
| fixed length control field | 010623t xxu||||| |||| 00| 1 eng d |
| 040 ## - CATALOGING SOURCE | |
| Original cataloging agency | LK-CoDNM |
| Modifying agency | LK-CoDNM |
| Description conventions | LK-CoDNM |
| 041 ## - LANGUAGE CODE | |
| Language code of text/sound track or separate title | English |
| 080 ## - UNIVERSAL DECIMAL CLASSIFICATION NUMBER | |
| Universal Decimal Classification number | 8 |
| Item number | N17 |
| 942 ## - ADDED ENTRY ELEMENTS (KOHA) | |
| Koha item type | Books |
| 100 ## - MAIN ENTRY--PERSONAL NAME | |
| Personal name | Basu,B.D. |
| 700 ## - ADDED ENTRY--PERSONAL NAME | |
| Personal name | Sandal,Mohan Lal. |
| 700 ## - ADDED ENTRY--PERSONAL NAME | |
| Personal name | Vidyarnava,Rai Bahadur Sris Chandra. |
| Relator term | editor |
| 245 ## - TITLE STATEMENT | |
| Title | The Sacred books of the Hindus |
| 300 ## - PHYSICAL DESCRIPTION | |
| Other physical details | 68p. : 25 cm |
| Withdrawn status | Lost status | Damaged status | Not for loan | Collection code | Permanent Location | Current Location | Shelving location | Date acquired | Full call number | Barcode | Koha item type |
|---|---|---|---|---|---|---|---|---|---|---|---|
| Damaged | Old Books Collection | Library National Museum Colombo - Sri Lanka | Library National Museum Colombo - Sri Lanka | Reference | 2024-08-01 | 8 N17 | OB4062 | Books |


